Responses for Show #5072 - Tuesday, October 3, 2006

2006 Back to School Week game 2.

Contestants

[<< previous game]

Emily Sturtz, from Parsippany, New Jersey

Bobby Millison, from Clifton Heights, Pennsylvania

Mallory Banks, from Summerville, South Carolina

[next game >>]

Jeopardy! Round responses

IN THE NEWS
POP MUSIC
THE INTERNET
STATE GOVERNORS
LET'S CELEBRATE!
I SENTENCE YOU
    $200 9
Pope Benedict XVI

Bobby
    $200 1
Beyoncé

Mallory
    $200 2
[Alex reads ISP as "Internet Service Provider".]

AOL

Emily
    $200 4
Arnold Schwarzenegger

Bobby
    $200 15
Valentine's Day

Mallory
    $200 24
the period

Bobby
    $400 10
the woodpecker

Mallory
    $400 3
Kelly Clarkson

Mallory
    $400 5
a blog

Emily
    $400 19
John Hancock

Mallory
    $400 16
Earth Day

Mallory
    $400 26
(Bobby: What is... a... command?)

"Do it!"

Bobby
Triple Stumper
    $600 11
the World Cup

Emily
    $600 6
Aly & AJ

Emily
    $1,200 14
(Alex: You got it, yes. Took a little while, but you came through.)

.edu

Emily
    $600 20
George W. Bush

Bobby
    $600 17
May Day

Emily
    $600 27
a comma

Emily
    $800 12
fuel

Bobby
    $800 7
Mariah Carey

Emily
    $800 25
a cookie

Triple Stumper
    $800 21
(Bobby: Who is Jed Bush?)
[Originally ruled correct; reversed after clue 22]

Jeb Bush

Bobby
Triple Stumper
    $800 18
Halloween

Bobby
    $800 28
(Bobby: What is end?)
...
[The end-of-round signal sounds.]

a preposition

Bobby
Triple Stumper
    $1000 13
Katie Holmes

Emily
    $1000 8
Rihanna

Emily
    $1000 22
New York

Emily
    $1000 23
Advent

Emily

Scores at the first commercial break (after clue 15):

Mallory Bobby Emily
$1,200 $1,200 $5,800

Scores at the end of the Jeopardy! Round:

Mallory Bobby Emily
$2,000 $800 $9,000

Double Jeopardy! Round responses

YOUNG PEOPLE WHO MADE A DIFFERENCE
COOL MOVIES
THE HARRY POTTER BOOKS
MOM, I WANT I WANT I WANT!!
(Alex: What do I want? I want...)
ICE CREAM
"KID"s RULE!
    $400 14
(Bobby: Who is... oh...)
(Alex: Say it. Oh, darn.)

Anne Frank

MalloryBobby
    $400 1
Captain Jack Sparrow

Bobby
    $400 3
a flying car

Mallory
    $400 8
(Bobby: What is dog?)

a pony

Bobby
Triple Stumper
    $400 19
Ben & Jerry's (Ben & Jerry accepted)

Emily
    $400 25
(Bobby: Trix are for kids. Kids. What are kids?)
(Alex: I gotta rule against you. I'm sorry. What are [*], but you get to select again.)

"Trix are for kids"

Bobby
Triple Stumper
    $800 15
(Alex: He's the one.)

Alexander the Great

Emily
    $800 2
E.T.

Mallory
    $800 4
Quidditch

Emily
    $800 9
(Bobby: What are trampoline shoes?)

moon shoes

BobbyEmily
    $800 20
Baskin-Robbins

Emily
    $800 26
[The end-of-round signal sounds.]

the Kids' Choice Awards

Emily
    $4,000 16
(Alex: Emily, the one-day record on our Back to School week, I believe, is $52,000. You're on course to match that depending on what you risk on this Daily Double.)

King Tut

Emily
    $1200 11
Elastigirl

Bobby
    $1200 5
Hagrid

Mallory
    $1200 10
(Alex: The "RC", remote control or [*].)

radio control

Triple Stumper
    $1200 21
(Mallory: What is [*]?)
(Alex: [*] Pie, yes.)

Eskimo (Pie)

Mallory
    $1600 17
Pocahontas

Bobby
    $1600 12
Eight Below

Emily
    $1600 6
(Alex: Nope. Yes, [*], correct.)

(Draco) Malfoy

Emily
    $1600 24
(Bobby: What are Homies?)

Flavas

Bobby
Triple Stumper
    $1600 22
a banana split

Bobby
    $2000 18
Napoleon (Bonaparte)

Triple Stumper
    $2000 13
Winn-Dixie

Emily
    $2000 7
Professor McGonagall

Mallory
    $2000 23
cones

Bobby

Scores at the end of the Double Jeopardy! Round:

Mallory Bobby Emily
$8,000 $4,000 $22,600
(lock game)

[wagering suggestions for these scores]

Final Jeopardy! Round responses

STATE CAPITALS
(Alex: [To Bobby] There's no "H" at the end of Harrisburg.)
BobbyWhat is Harrisburgh
$4,000
MalloryWhat C
$2,000
EmilyWhat is ?
$4,500
Atlanta (Georgia) or Augusta (Maine)

Final scores:

Mallory Bobby Emily
$6,000 $0 $18,100
2nd place: $2,000 3rd place: $1,000 Winner: $18,100

Game dynamics:

Coryat scores:

Mallory Bobby Emily
$8,000 $4,000 $19,200
12 R,
0 W
11 R,
8 W
22 R
(including 2 DDs),
0 W

Combined Coryat: $31,200

[game clues] [game scores] [suggest correction]

Game tape date: 2006-08-30
The J! Archive is created by fans, for fans. Scraping, republication, monetization, and malicious use prohibited; this site may use cookies and collect identifying information. See terms. The Jeopardy! game show and all elements thereof, including but not limited to copyright and trademark thereto, are the property of Jeopardy Productions, Inc. and are protected under law. This website is not affiliated with, sponsored by, or operated by Jeopardy Productions, Inc. Join the discussion at JBoard.tv.